000 005280000a22001810004500
003 MACL
005 20160120141648.0
008 160120b xxu||||| |||| 00| 0 eng d
040 _aMACL
_cMACL
041 _aHindi
082 _a100/KUM
100 _aराम सुरेश यादव
_933657
245 _aदर्शन शास्‍त्र
260 _bयूनीक पब्लिकेशंस
_c1999
_aदिल्‍ली
350 _a200
650 _aPhilosophy
_933658
942 _cHIN
_k100/KUM
_2ddc
999 _c30602
_d30602